000 nam a22 7a 4500
999 _c9326
_d9326
008 180127b ||||| |||| 00| 0 eng d
100 _aDixit.S.N.
_95580
245 _aDixit's School Manual
260 _aNew delhi
_bBharat Bhushan
_c2007